LEADER 01414nam a2200289 i 4500 001 000000038580 003 CaOOAMICUS 005 20251125111847.0 008 120227s1915 xx u000 u lat u 013 $a9172 040 $aSeMil$bita 100 0 $aCicero, Marcus Tullius,$d<106-43 a.C.>.$0(OLS)http://semarc/name/659 245 13$aDe finibus bonorum et malorum libri quinque /$crecognovit Th. Schiche. 260 $aLipsiae :$bin aedibus B. G. Teubneri,$c1915. 300 $aXV, 215 p. ;$c18 cm. 490 0 $aBibliotheca scriptorum graecorum et romanorum Teubneriana 700 1 $aSchiche, Theodor.$0(OLS)http://semarc/name/18536 773 0 $aCicero, Marcus Tullius <106-43 a.C.>$tM. Tulli Ciceronis scripta quae manserunt omnia.$bEditio maior.$dLipsiae : in aedibus B. G. Teubneri, [185?]$kBibliotheca scriptorum graecorum et romanorum Teubneriana$g13$w()26342 830 0$aBibliotheca scriptorum graecorum et romanorum Teubneriana.$0(OLS)http://semarc/title/35285 850 $aSeMil 852 $aSeMil$W1$xVenegono$y1$m1X II 223 FA$j4735$B4735$CSeMilBibl$Z2$F4735 $8I 900 0 $aCicerone, Marco Tullio. 961 $aOmaggio: Deposito 996 $6245$aDe finibus bonorum et malorum libri quinque$9(OLS)http://semarc/title/54507 996 $6260$aLipsiae :$bin aedibus B. G. Teubneri$9(OLS)http://semarc/publisher/36792 LEADER 01190nam a2200277 i 4500 001 000000114446 003 CaOOAMICUS 005 20030416000000.0 008 030416s1997 it u000 u ita u 013 $a87132 020 $a88-384-2973-1 040 $aSeMil$bita 245 12$aI Vangeli sconosciuti del Natale /$cLuigi Moraldi. 246 04$iTitolo in copertina:$aI Vangeli sconosciuti del Natale : l'altra Bibbia che non fu scritta da Dio 260 $aCasale Monferrato (AL) :$bPiemme,$c1997. 300 $a191 p. ;$c24 cm. 500 $aFondo Card. C.M. Martini. 650 4$aBibbia - Apocrifi NT - Natale.$0(OLS)http://semarc/subject/19974 850 $aSeMil 852 $aSeMil$W1$xVenegono$y1$m2V VI 68$j70016$B70016$CSeMilBibl$Z2$F83792 $81 941 1 $a4 961 $aOmaggio: Martini Card. Carlo Maria 996 $6020$a88-384-2973-1$9(OLS)http://semarc/number/97770 996 $6245$aI Vangeli sconosciuti del Natale$9(OLS)http://semarc/title/167285 996 $6246$aI Vangeli sconosciuti del Natale : l'altra Bibbia che non fu scritta da Dio$9(OLS)http://semarc/title/167286 996 $6260$aCasale Monferrato (AL) :$bPiemme$9(OLS)http://semarc/publisher/30052